| 000 | 00658cab a2200229 4500 | ||
|---|---|---|---|
| 001 | ABS53105 | ||
| 008 | 090401t1995 xxu||||| |||| 00| 0 eng d | ||
| 035 | _a(Sirsi) u2105 | ||
| 041 | _aeng | ||
| 100 | _aRoskelly, M. | ||
| 245 | _aPolish valuers... deal makers or deal breakers? | ||
| 260 | _c1995 | ||
| 350 | _a0 | ||
| 490 |
_aEstates News _v4(44) April/May 1995, 30(1) |
||
| 520 | _aDiscusses the problems faced by valuers in Poland, which have arisen largely through lack of experience. | ||
| 650 | _aPOLAND | ||
| 650 | _aVALUATION ISSUES | ||
| 690 | _aOVERSEAS-EUROPE | ||
| 690 | _aRATING AND VALUATION | ||
| 942 | _n0 | ||
| 948 | _c04/03/1997 | ||
| 999 |
_c1263 _d1263 |
||